000 00429nam a2200145 a 4500
001 000030899
005 20250404193304.0
008 110606s1949 dr 000 0 spa d
040 _aDO-SdBNP
_bspa
_cBNPHU
100 1 _aSanz Lajara, J. M.
_d1917-1963
_q(José Mariano),
_96623
245 1 0 _aCotopaxi /
_cJ. M. Sanz Lajara.
260 _aBuenos Aires :
_bEditorial Americalee,
_c1949.
300 _a210 p. ;
_c21 cm.
049 _aBNPD
999 _c30391
_d30391